000 00572nam a2200169 a 4500
001 000030162
005 20200930060108.0
008 110503s2005 dr ac 000 0 spa d
020 _a9945851934
040 _aDO-SdBNP
_bspa
_cBNPHU
082 _axxx
_bR374
245 0 0 _aReinvenciones :
_bfotografía dominicana post-dictadura. obras de la colección del Centro Cultural Eduardo León Jimenes.
260 _aSantiago de los Caballeros :
_bCentro León,
_c2005.
300 _a71 p. :
_bil. ; retrs. ;
_c24 cm.
500 _aincluye notas al pie de páginas
049 _aBNPD
999 _c29654
_d29654